000 00521nam a2200193Ia 4500
001 21414
003 GE_BSU
008 181216s||||||||xx |||||||||||||| ||und||
040 _cGE_BSU
080 _aპერიოდიკა
245 4 _aThe Economist, October 21st-27th. Number 9063. 2017
260 _aParis
260 _c2017
300 _a86p. 27cm. ill.
653 _aThe Economist, October 21st-27th. Number 9063. 2017
653 _aПериодика
653 _aპერიოდიკა
942 _cCR
999 _c54358
_d54358